Municípios da Região Metropolitana de Manaus (AM) no mapa - Statistics

Estatísticas Gerais
  • Esse quiz foi jogado 115 vezes
  • A pontuação média é 8 de 13
Respostas no mapa
Respostas codificadas por cores de uma escala verde-vermelha no mapa do quiz de acordo com a % correta abaixo.
 
Estatísticas das Respostas
Município % Correto
Manaus
97%
Iranduba
81%
Presidente Figueiredo
79%
Manacapuru
76%
Itacoatiara
72%
Rio Preto da Eva
67%
Novo Airão
60%
Careiro
48%
Careiro da Várzea
41%
Autazes
38%
Manaquiri
34%
Itapiranga
33%
Silves
28%
Nenhum quiz correspondente encontrado
Distribuição das Pontuações
Porcentagem de Pessoas com Cada Pontuação
Percentil de Números Respondidos
Sua Pontuação Histórica
Você não jogou esse quiz